| 000 | 00516nam a2200169 i 4500 | ||
|---|---|---|---|
| 001 | 37967 | ||
| 003 | ES-MaACL | ||
| 005 | 20230906155655.0 | ||
| 007 | t| | ||
| 008 | 030224s1964 sp ||||1| spa d | ||
| 100 | 1 |
_aBurillo González, Manuel. _932687 |
|
| 245 | 1 | 0 |
_aGeografía económica _b: tercer curso del grado de aprendizaje industrial / _cManuel Burillo González. |
| 250 | _a5ª ed. | ||
| 260 |
_aLeón : _bEverest, _c[1964] |
||
| 300 |
_a262 p. : _bil. ; _c21 cm. |
||
| 852 |
_aES-MaACL _jC-49820 _bR.69327 |
||
| 999 |
_c37967 _d37967 |
||